中国城市解谜A-Z #1 China city A-Z #1 - Statistics

General Stats
  • This quiz has been taken 191 times
  • The average score is 6 of 22
Answer Stats
拼音首字母 描述 城市 % Correct
A 位于夜郎国的传统区域内 安顺
67%
E 2022年人均GDP在25万元以上 鄂尔多斯
63%
D 建有世界上面积第一的城市广场(1.76km²) 大连(星海广场)
57%
X 与省会有城际铁路连接,同时建有位列“四大名北”之一的高铁站 孝感
34%
F 秦汉时属并州;以省内一条重要河流命名 汾阳(汾河)
33%
B 在京沈高铁上设站(但不是北京) 北票
27%
R 辖区有一段长江岸线,但是很短;距离海岸最近约30km 如皋
27%
H 下辖的4个区中,1个与自身同名,2个为自身旧称,1个以湖命名 淮安(淮阴、清江浦、洪泽)
25%
Q 珠江源头位于此处 曲靖
25%
M 靠近中国最有名的脐橙产地,自身也产脐橙 梅州(靠近赣州)
24%
K 其机场以一个西域古国(同时也是自身旧称)命名 库车(龟兹机场)
22%
P 位于浙江省,2022百强县排名43 平湖
22%
S 旧名珠河县,于1946年改为以一位抗日英雄的名字命名 尚志
21%
Z 吃乳鸽十分出名,港口货运与客运均比较发达 中山
20%
J 与安徽南部的一个县拼音相同(声调不同) 鸡西(绩溪)
19%
Y 在黄河“几”字的最后一个直角弯附近的县级市,其上级城市也是Y开头 永济(运城下属)
19%
C 2023年成为县级市 错那
16%
T 2021年4月开通城市轨道交通系统 台中
16%
N 区划基本沿着石家庄到济南的高速公路拉长布置 南宫
15%
G 在沪昆高速铁路线上,但不在沪昆铁路线上 高安
12%
W 滨海县级市,建有其上级地级市的主要机场 吴川(湛江吴川机场)
11%
L 北方市区人口最少的几个地级市之一 陇南
9%
No matching quizzes found
Score Distribution
Percent of People with Each Score
Percentile by Number Answered
Your Score History
You have not taken this quiz